La montée des peuples dans la communauté humaine /
Las Semanas Sociales fueron fundadas en 1904, como consecuencia de la publicación de la encíclica del papa León XIII, Rerum novarum (1891), texto inaugural de la doctrina social de la Iglesia Católica. Conforman espacios de reflexión, análisis y propuestas para enfrentar los problemas sociales, ente...
Guardado en:
| Institution som forfatter: | |
|---|---|
| Format: | Procedimiento de la conferencia Bog |
| Sprog: | fransk |
| Fag: | |
| Tags: |
Ingen Tags, Vær først til at tagge denne postø!
|
MARC
| LEADER | 00000nam^a2200000^a^4500 | ||
|---|---|---|---|
| 001 | 000344983 | ||
| 005 | 20250521000000.0 | ||
| 009 | 20260310114705.361 | ||
| 037 | |a Acervo ITESO - Biblioteca | ||
| 041 | |a FRA | ||
| 082 | |a 261. |b SEM FRA 1959 | ||
| 111 | |a Semaines Sociales de France ( |n 46° : |d 1959 : |c Angers, Francia) | ||
| 240 | 1 | 1 | |a [Semaines Sociales de France] |
| 245 | 1 | 3 | |a La montée des peuples dans la communauté humaine / |c Semaines Sociales de France. |
| 264 | |a París, Francia : |b Editions de la Chronique Sociale de France, |c 1959 | ||
| 300 | |a 362 p. | ||
| 336 | |a texto |b txt |2 rdacontenido | ||
| 337 | |a sin mediación |b n |2 rdamedio | ||
| 338 | |a volumen |b nc |2 rdasoporte | ||
| 520 | |a Las Semanas Sociales fueron fundadas en 1904, como consecuencia de la publicación de la encíclica del papa León XIII, Rerum novarum (1891), texto inaugural de la doctrina social de la Iglesia Católica. Conforman espacios de reflexión, análisis y propuestas para enfrentar los problemas sociales, entendidos a la luz de la teología social y la actitud práctica del cristianismo. Las semanas sociales se realizan anualmente en diversos países del mundo y participan en ellas tanto miembros del clero como laicos, siendo las más famosas las Semanas Sociales de Francia. | ||
| 649 | |a XX | ||
| 650 | |a Iglesia Católica en Francia - |x Congresos | ||
| 650 | |a Iglesia y Problemas Sociales - |x Congresos - |x Tema Principal | ||
| 650 | |a Desarrollo Comunitario - |x Tema Principal | ||
| 650 | |a Teología Social | ||
| 650 | |a Teología | ||
| 650 | |a Catolicismo | ||
| 650 | |a Cristianismo y Sociedad | ||
| 650 | |a Cristianismo | ||
| 650 | |a Religión | ||
| 910 | |a Fondo Xavier Scheifler Amézaga S.J. | ||
| 920 | |a Impresos - Libros | ||
| 930 | |a Fondos Especiales | ||
| 905 | |a 124 | ||
| 901 | |a 0500235905 |b IT2 |c ESP |i D60565 |u 20250521 | ||
| 902 | |a https://opac.biblio.iteso.mx/vufind/Record/000344983 | ||